Responses for Show #6719 - Thursday, November 28, 2013

Contestants

[<< previous game]

Steven Durham, a writer and stay-at-home dad from Asheville, North Carolina

Whitney Magendie, a public health program coordinator from New Orleans, Louisiana

John Kyle Grady, a substitute teacher originally from Hyde Park, Massachusetts (whose 1-day cash winnings total $28,801)

[next game >>]

Jeopardy! Round responses

CAN I GET A NUMBER?
ANCIENT GREEKS
"V"ERBS
SHOW BIZ STUPID ANSWERS
FEAT
OF CLAY
    $200 14
(Steven: What is base 13?)

10

JohnSteven
    $200 11
Homer

Steven
    $200 2
vie

John
    $200 1
(Whitney: What is The View?)
(John: Um... I will also say, "What is The View?" [Laughs] 'Cause that was my answer!)
[Laughter]
(Alex: No, it's called [*].)

The Talk

JohnWhitney
Triple Stumper
    $200 21
San Francisco & Oakland

Steven
    $200 26
the French Open

John
    $400 17
4

Whitney
    $400 12
Aristotle

John
    $400 3
vent

John
    $400 7
Nashville

Whitney
    $400 22
oxygen

Steven
    $400 27
Pandora

Whitney
    $600 18
31

John
    $600 13
(Steven: Who is... [*]?)
(Alex: Yes. ... Almost stumped yourself on that one, didn't you?)

Euclid

Steven
    $600 4
vulcanize

John
    $600 8
Family Guy

Whitney
    $600 23
(Alex: ...with a minute to go.)

a sword

Whitney
    $600 28
[The end-of-round signal sounds.]

Wallace & Gromit

Steven
    $800 19
666

Steven
    $3,000 15
(John: Who was Pericles?)
(Alex: No, the important word in the clue was "physician". Published about [*], the oath.)

Hippocrates

John
    $800 5
(Whitney: Ooh. What is to validate?)

vindicate

JohnWhitney
    $800 9
A Christmas Story

Steven
    $800 24
(John: What is oil?)
(Whitney: What is plutonium?)

heavy water (deuterium oxide)

JohnWhitney
Triple Stumper
    $1000 20
202

John
    $1000 16
Aeschylus

John
    $1000 6
vanquish

John
    $1000 10
State Fair

John
    $1000 25
Admiral Byrd

Triple Stumper

Scores at the first commercial break (after clue 14):

John Whitney Steven
$4,400 $0 $1,400

Scores at the end of the Jeopardy! Round:

John Whitney Steven
$3,400 $600 $3,400

Double Jeopardy! Round responses

THE COUNTIES OF IRELAND
COMPUTER TERMS
NATIONAL ATHLETES
(Alex: We'll give you the [*]; you name the birth country.)
AWED WORDS
THAT AUTHOR'S MIXED UP!
(Alex: The author's name is anagrammed in the clue.)
(Alex: And finally, a visit to Philadelphia to one of America's greatest art galleries...)
THE BARNES FOUNDATION
    $400 21
Gaelic

John
    $400 16
drag

Whitney
    $400 6
South Africa

John
    $400 11
(Whitney: What is awesome?)

sublime

Whitney
Triple Stumper
    $400 1
Victor Hugo

Steven
    $400 26
(Alex: [*] is right, with less than a minute to go.)

Matisse

John
    $800 22
Mayo

John
    $800 17
batteries

Steven
    $800 7
(Steven: Uh, what is Venezuela?)

Cuba

JohnSteven
    $800 12
reverend

Steven
    $800 2
Stephenie Meyer

Whitney
    $300 27
(Paul) Gauguin

John
    $1200 23
Tipperary

John
    $3,000 18
open source

Steven
    $1200 8
(Whitney: What is Russia?)
...
(Alex: I skated
with him once. [*].)

Canada

Whitney
Triple Stumper
    $1200 13
dread

John
    $1200 3
John Grisham

Steven
    $1200 28
[The end-of-round signal sounds.]

Seurat

John
    $1600 24
Cork

John
    $1600 19
(John: What are cue cards?)

dialog boxes

John
Triple Stumper
    $1600 9
Portugal

Whitney
    $1600 14
the Majestic

Triple Stumper
    $1600 4
(Alex: Out of Africa.)

Isak Dinesen

Triple Stumper
    $2000 25
Kerry

John
    $2000 20
rewritable

Steven
    $2000 10
(Whitney: What is India?)

Pakistan

Whitney
Triple Stumper
    $2000 15
marvel

Whitney
    $2000 5
Ralph Waldo Emerson

Triple Stumper

Scores at the end of the Double Jeopardy! Round:

John Whitney Steven
$12,100 $1,800 $10,800

[wagering suggestions for these scores]

Final Jeopardy! Round responses

20th CENTURY NAMES
WhitneyWho is Adolf Hitler?
$0
StevenWho is Stalin
$8,000
JohnWho is Hitler?
$9,501
Joseph Stalin

Final scores:

John Whitney Steven
$2,599 $1,800 $18,800
2nd place: $2,000 3rd place: $1,000 New champion: $18,800

Game dynamics:

Coryat scores:

John Whitney Steven
$15,600 $1,800 $9,000
23 R
(including 1 DD),
4 W
(including 1 DD)
9 R,
6 W
13 R
(including 1 DD),
2 W

Combined Coryat: $26,400

[game clues] [game scores] [suggest correction]

Game tape date: 2013-09-24
The J! Archive is created by fans, for fans. Scraping, republication, monetization, and malicious use prohibited; this site may use cookies and collect identifying information. See terms. The Jeopardy! game show and all elements thereof, including but not limited to copyright and trademark thereto, are the property of Jeopardy Productions, Inc. and are protected under law. This website is not affiliated with, sponsored by, or operated by Jeopardy Productions, Inc. Join the discussion at JBoard.tv.